Vertical aerial photography and digital imagery (Record no. 112013)

MARC details
000 -LEADER
fixed length control field 01668cad a22002895a 4500
001 - CONTROL NUMBER
control field L152348
008 - FIXED-LENGTH DATA ELEMENTS--GENERAL INFORMATION
fixed length control field 110224s2010 xxk f 000 0 eng d
020 ## - INTERNATIONAL STANDARD BOOK NUMBER
International Standard Book Number 9781842196083
035 ## - SYSTEM CONTROL NUMBER
System control number (Sirsi) u152348
041 0# - LANGUAGE CODE
Language code of text/sound track or separate title eng
050 04 - LIBRARY OF CONGRESS CALL NUMBER
Classification number 526.982 $2 18
110 2# - MAIN ENTRY--CORPORATE NAME
Corporate name or jurisdiction name as entry element Royal Institution of Chartered Surveyors
9 (RLIN) 4900
245 00 - TITLE STATEMENT
Title Vertical aerial photography and digital imagery
Medium [electronic resource]
Statement of responsibility, etc. [old edition]
250 ## - EDITION STATEMENT
Edition statement 5th ed.
260 ## - PUBLICATION, DISTRIBUTION, ETC.
Place of publication, distribution, etc. Coventry
Name of publisher, distributor, etc. RICS
Date of publication, distribution, etc. 2010
300 ## - PHYSICAL DESCRIPTION
Extent iv, 54p.
Dimensions 30cm.
490 #0 - SERIES STATEMENT
Series statement RICS Guidance Note
Volume/sequential designation 61/2010
505 2# - FORMATTED CONTENTS NOTE
Formatted contents note Introduction -- Project information -- Camera equipment -- Flying and photo coverage -- Film and photographic products -- Digital imagery -- Digital imagery products details
520 ## - SUMMARY, ETC.
Summary, etc. This guidance note and client specification has been developed from the fourth edition of the RICS Specification for vertical air photography and derived digital imagery. It is part of a series of specifications intended to assist all those connected with the requesting, purchase and production of surveys and mapping material at all scales by spreading good practice and seeking to avoid duplication of effort.
520 ## - SUMMARY, ETC.
Summary, etc. Supersedes fourth edition (ISBN 0854069976)
520 ## - SUMMARY, ETC.
Summary, etc. Superseded by Earth Observation and Aerial Surveys, 6th edition (ISBN 9781783214426)
521 ## - TARGET AUDIENCE NOTE
Target audience note Advanced
651 #4 - SUBJECT ADDED ENTRY--GEOGRAPHIC NAME
Geographic name United Kingdom
690 ## - LOCAL SUBJECT ADDED ENTRY--TOPICAL TERM (OCLC, RLIN)
Topical term or geographic name as entry element ENVIRONMENTAL AND LAND CONSULTANCY-GEOMATICS
856 41 - ELECTRONIC LOCATION AND ACCESS
Uniform Resource Identifier <a href="https://www.isurv.com/downloads/file/7949/archive_vertical_aerial_photography_and_digital_imagery_5th_edition_november_2010%E2%80%93january_2022">https://www.isurv.com/downloads/file/7949/archive_vertical_aerial_photography_and_digital_imagery_5th_edition_november_2010%E2%80%93january_2022</a>
Public note Archived on iSurv (subscription required)
942 ## - ADDED ENTRY ELEMENTS (KOHA)
Suppress in OPAC 0
Source of classification or shelving scheme Dewey Decimal Classification
Holdings
Withdrawn status Lost status Source of classification or shelving scheme Damaged status Not for loan Home library Current library Shelving location Date acquired Total Checkouts Full call number Barcode Date last seen Copy number Price effective from Koha item type
    Dewey Decimal Classification     London London RICS Boxes 06/06/2011   RICS 2010/21 30075509 06/08/2019 4 06/08/2019 Archive
    Dewey Decimal Classification     London London RICS Boxes 02/04/2014   RICS 2010/21 30075505 06/08/2019 1 06/08/2019 Book
    Dewey Decimal Classification     London London RICS Boxes 02/04/2014   RICS 2010/21 30075504 06/08/2019 2 06/08/2019 Book
    Dewey Decimal Classification     Virtual Virtual Online 28/02/2011   iSurv   06/08/2019 3   Online material